Úspěšné banky jsou ty, které inovují
Inovatívne prístupy, ktoré bankám umožňujú rozvíjať nové produkty, objavovať nové trhy, ale i zásadne meniť doterajšie modely fungovania financovania. Mikrofinancovanie a prístup pre malých investorov.
Salvato in:
| Autore principale: | |
|---|---|
| Natura: | Capitolo di libro |
| Lingua: | ceco |
| Soggetti: | |
| Tags: |
Nessun Tag, puoi essere il primo ad aggiungerne!!
|
MARC
| LEADER | 00000naa a2200000 4500 | ||
|---|---|---|---|
| 001 | 0177166 | ||
| 005 | 20231211082843.1 | ||
| 041 | 0 | |a cze | |
| 044 | |a CZ | ||
| 245 | 1 | 0 | |a Úspěšné banky jsou ty, které inovují |c Zdeněk Panec |
| 520 | |a Inovatívne prístupy, ktoré bankám umožňujú rozvíjať nové produkty, objavovať nové trhy, ale i zásadne meniť doterajšie modely fungovania financovania. Mikrofinancovanie a prístup pre malých investorov. | ||
| 610 | 2 | 0 | |a banky |
| 610 | 2 | 0 | |a bankovníctvo retailové |
| 610 | 2 | 0 | |a služby bankové |
| 610 | 2 | 0 | |a služby finančné |
| 610 | 2 | 0 | |a vklady |
| 610 | 2 | 0 | |a účty bežné |
| 610 | 2 | 0 | |a krajiny rozvojové |
| 100 | 1 | |a Panec, Zdeněk | |